| 000 | 01493naa a22003977u 4500 | ||
|---|---|---|---|
| 001 | 04070 | ||
| 003 | HDC | ||
| 007 | cr bn ---aaaaa | ||
| 008 | 210114t2010 flu 000 0 eng | ||
| 020 | _a9781439800577 (acidfree paper) | ||
| 040 | _aHDC | ||
| 100 |
_aCerri, C. E. _eauthor _94108 |
||
| 245 | 0 |
_aFood security and soil quality : Chapter 8 _bSoil Quality Management in Brazil / _cby C. E. Cerri, C. Bayer, J. Dieckow, J. Carvalho, B. Feigl, and C. C. Cerri ; edited by Rattan Lal and B.A. Stewart. |
|
| 260 |
_aBoca Raton, FL : _bCRC Press, _c2010 |
||
| 300 |
_axiii, 31 pages : _billustrations |
||
| 336 |
_atext _2rdacontent |
||
| 337 |
_acomputer _2rdamedia |
||
| 338 |
_aonline resource _2rdacarrier |
||
| 490 | _aAdvances in soil sciences | ||
| 500 | _aOriginal from book | ||
| 504 | _aIncludes bibliographical references and index. | ||
| 650 |
_aFood production _93722 |
||
| 650 |
_aFood security. _94086 |
||
| 650 |
_aSoils _xQuality. _94087 |
||
| 700 |
_aBayer,C. _eauthor _94109 |
||
| 700 |
_aCarvalho,J. _eauthor _94111 |
||
| 700 |
_aCerri, C. C. _eauthor _94113 |
||
| 700 |
_aDieckow, J. _eauthor _94110 |
||
| 700 |
_aFeigl, B. _eauthor _94112 |
||
| 700 |
_aLal, R. _93407 _eeditor |
||
| 700 |
_aStewart, B. A. _eeditor _92832 |
||
| 856 | _zRequest full-text at [email protected] | ||
| 942 | _2lcc | ||
| 942 | _cCHAP | ||
| 942 | _kEBCH 003333 | ||
| 999 |
_c1395 _d1395 |
||